Fyzika po kapitolách [... v rámci rozvojového projektu "Budovanie dištančného a elektronického vzdelávania na FEI STU"] [Časť 13.] Kvantové javy

Bibliographic Details
Main Author: Červeň, Ivan, 1933- (Author)
Format: Book
Language:Slovak
PhysicalDescription:52 s. ilustr. 21 cm
Published: V Bratislave Slovenská technická univerzita 2007
ISBN:9788022726757
Edition:1. vyd.
Subjects:

MARC

LEADER 00000nam a2200000 a 4500
001 vtls009179951
003 SK-MaSNL
005 20260301170643.0
008 240313s2007 xo a d p 000 0 slo
015 |a SNBA2008/03-01389 
020 |a 9788022726757  |q (brož.) 
035 |a EAFAE92A-8EF7-4F9B-8E75-B0DEAA7AA5EC 
035 |a urn:nbn:sk:snk-aml29b 
035 |a urn:nbn:sk:snk-am008m6a 
040 |a SNK  |b slo  |c SNK  |e AACR2 
041 0 |a slo 
044 |a xo  |c SK 
072 7 |a 53  |x Fyzika  |2 konspekt 
072 7 |a 37.016  |x Učebné osnovy. Vyučovacie predmety. Učebnice  |2 konspekt 
080 |a 530.145  |2 2001 
080 |a (075)  |2 2001 
100 1 |a Červeň, Ivan,  |d 1933-  |4 aut  |9 163976 
245 1 0 |a Fyzika po kapitolách  |b [... v rámci rozvojového projektu "Budovanie dištančného a elektronického vzdelávania na FEI STU"]  |n [Časť 13.]  |p Kvantové javy  |c Ivan Červeň 
246 3 0 |a Kvantové javy 
250 |a 1. vyd. 
260 |a V Bratislave  |b Slovenská technická univerzita  |c 2007 
300 |a 52 s.  |b ilustr.  |c 21 cm 
366 |e 1200 výt. 
504 |a Bibliogr. s. 52. Slovník 
650 0 7 |a kvantová fyzika  |2 SNKPH  |9 68308 
655 7 |a učebnice  |2 SNKPH  |9 22521 
919 |a 978-80-227-2675-7 
958 |a NB 
968 |d 53+54 
999 |c 828289  |d 830219 
952 |a SNK  |b SNK  |y PREZ  |7 0  |p 17A0576835  |o snkSC 130613/13  |i snk2008/2646  |8 0  |0 0  |1 0  |4 0  |d 2008-02-01  |f 1  |l 0  |r 2025-06-19 00:00:00  |w 2026-02-24 
952 |a SNK  |b SNK  |y VYP  |7 0  |p 17A0576836  |o snkSC 130613/13 D1  |i snk2008/2647  |8 0  |0 0  |1 0  |4 0  |d 2008-02-01  |l 0  |r 2026-02-24 03:28:26  |w 2026-02-24